|
|
|
|
| LEADER |
00000cam a2200000 7i4500 |
| 001 |
0000311319 |
| 005 |
20240202074556.0 |
| 006 |
a ###e ### 000 e |
| 007 |
|
| 008 |
240202s2022 my e 000 emay d |
| 020 |
|
|
|a 9789672674160
|
| 040 |
|
|
|a MBPJ
|b eng
|c MBPJ
|e rda
|
| 090 |
0 |
0 |
|a 808.882
|b MAZ
|
| 100 |
0 |
|
|a Mazlida Hassan ,
|e author
|
| 245 |
1 |
0 |
|a TENTANG KITA
|c MAZLIDA HASSAN
|
| 264 |
|
1 |
|a Petaling Jaya, Selangor :
|b Bonda Nor Sdn Bhd
|c 2022
|
| 300 |
|
|
|a xix, 157 pages ;
|c 21 cm.
|
| 336 |
|
|
|a text
|2 rdacontent
|
| 337 |
|
|
|a unmediated
|2 rdamedia
|
| 338 |
|
|
|a volume
|2 rdacarrier
|
| 600 |
0 |
0 |
|a Mazlida Hassan
|v Anecdotes
|
| 650 |
|
0 |
|a Anecdotes
|
| 650 |
|
0 |
|a Muslims
|x Conduct of life
|v Anecdotes
|
| 999 |
|
|
|a 00411408
|b BUKU
|c PINJAMAN
|e PERPUSTAKAAN KOMUNITI CAW KOTA DAMANSARA
|